000 00801nam a22002657a 4500
003 0
005 20180726142108.0
008 0
010 _aA-464854
020 _c00.00
_a8170992397
035 _aA-464854, A-464855
037 _bCen Lib/Ret
040 _aDPL
_bEN
_c0
082 _a303.484092
_bAHL
100 _aAhluwalia, Shashi
_917500
245 _aRaja Rammohun Roy And the inmdian renaissance /
_cby Shashi Ahluwalia [and] Meenakshi Ahluwalia
260 _a New Delhi
_bMittal publiocations
270 _bNew Delhi
_aA-110, Mohan garden
_e110059
300 _a238p.
_c21cm(Hb)
500 _aIncludes index
650 _aSocial science
_932103
650 _aReligious thought
_912999
700 _97038
_aAhluwalia, Meenakshi
942 _2ddc
_cEN
_h303.484092
_mAHL
999 _c126428
_d126428